Villes mondiales finissant par N #1 - Statistiques

Statistiques générales
  • Ce quiz a été pris 101 fois
    52 depuis la dernière actualisation
  • Le résultat moyen est 12 sur 20
Statistiques - réponses
Définition Réponses % Correct
Ville française connue pour sa moutarde Dijon
100%
La Juventus y joue Turin
97%
En Estonie, elle surplombe le Golfe de Finlande Tallinn
94%
Capitale de la Jordanie situé a 235 kilomètre de Pétra Amman
82%
Nom du pilote de F1 prénommé Lewis, donnant une ville des Bermudes Hamilton
82%
Capitale de la RFA entre 1949 et 1990, Maison de Beethoven Bonn
79%
Préfecture du Rhône et chef lieu Auvergne-Rhône-Alpes Lyon
76%
Ville la plus grande de Crète Héraklion
65%
Plus grande ville du Texas Houston
65%
Préfecture du 66 Perpignan
59%
Ancienne capitale de la Birmanie remplacée par Naypyidaw Rangoon
53%
Préfecture du 47 Agen
50%
Ville d'Égypte sur le lac Nasser et 230 km au nord d'Abou Simbel Assouan
44%
On pense à elle quand on évoque le Brunei Bandar Seri Begawan
44%
Seconde ville de la Corée du Sud Busan
44%
Préfecture du 71 Macon
44%
Au cinéma, elle était "Impossible" mais pas ici Mission
44%
3 capitales sur le continent américain qui ont la même terminaison Bridgetown / Georgetown / Kingstown
41%
Sous-Préfecture des Côtes d'Armor Lannion
41%
Ville de 4 lettres se situant au Yemen Aden
35%
Aucun quiz correspondant
Distribution des résultats
% des personnes avec chaque résultat
Percentile par nombre de réponses
Votre historique - résultats
Vous n’avez pas pris ce quiz depuis la dernière actualisation